000 00574cam a2200217ua 4500
001 8458
005 20260515114334.0
008 150130n ii |||gr||||Z||||||eng
020 _a9780195685299
040 _cMAIN
041 _aeng
082 _a820
100 _aBoehmer, E.,
_eAuthor.
245 1 _aColonial and postcolonial literature :
_bMigrant metaphors /
_cBy Elleke Boehmer .
250 _a2nd.
260 _aNew Delhi:
_bOxford,
_c2006.
300 _a351p.
653 _aEnglish.& Old English literatures
653 _aPostcolonial literature
942 _cBK
999 _c7560
_d7560